| 000 | 00963nam a2200289Ia 4500 | ||
|---|---|---|---|
| 003 | OSt | ||
| 005 | 20221007121356.0 | ||
| 006 | a|||||r|||| 00| 0 | ||
| 007 | ta | ||
| 008 | 221006b |||||||| |||| 00| 0 eng d | ||
| 020 | _a9788179103982 (hbk) | ||
| 024 | _a194817 | ||
| 037 |
_b48, 03/11/2015, Deepika book agency _cTextual |
||
| 040 |
_aBDL _cBDL _beng |
||
| 041 |
_2eng _aeng |
||
| 082 | _aI:(G:F), Q3;1 Carb | ||
| 100 |
_aMalik CP _9711691 |
||
| 245 | 0 | _aCrop improvement: biotechnological physiological and nanotechnological approaches | |
| 260 |
_aJaipur _bAavishkar Publishers _c2013 |
||
| 300 |
_ax, 290p. ill. _ccm. |
||
| 500 | _aIndex 286-290p. | ||
| 650 |
_a Diversity arrays technology _9711692 |
||
| 650 |
_a Sugar mediated signal transduction _9711693 |
||
| 650 |
_aGenomic tools _9711694 |
||
| 942 |
_hI:(G:F), Q3;1 Carb _cTEXL _2CC |
||
| 999 |
_c1208803 _d1208803 |
||